000 00417nam a2200157 a 4500
082 0 0 _a294.5
_bSHA
100 _aShastri, Swami Shivananda
245 _aShort Review of Sanatana Dharma Or Hinduism
260 _aBombay
_bArun K Mahta at Vakil & Sons
_c1968
300 _a397p
500 _aincludes index and biblioraphy
505 2 _aIndex
650 _aHinduism
700 1 _aShastri, Swami Shivananda
942 _cBK
999 _c6639
_d6639